[Event "SRB-chT"]
[Site "Kragujevac"]
[Date "2016.09.26"]
[Round "5.1"]
[White "Markovic, Ivan"]
[Black "Krstic, Petar"]
[Result "1/2-1/2"]
[WhiteElo "2474"]
[BlackElo "2333"]
[PlyCount "41"]
[EventDate "2016.09.22"]
[EventType "team-tourn"]
[EventRounds "11"]
[EventCountry "SRB"]
[SourceTitle "CBM 174 Extra"]
[Source "ChessBase"]
[SourceDate "2016.10.10"]
[SourceVersion "1"]
[SourceVersionDate "2016.10.10"]
[SourceQuality "1"]
[WhiteTeam "Jelica PEP"]
[BlackTeam "Spartak"]
[WhiteTeamCountry "SRB"]
[BlackTeamCountry "SRB"]

1. e4 c5 2. c3 Nf6 3. e5 Nd5 4. Nf3 e6 5. d4 cxd4 6. cxd4 d6 7. Bc4 Nb6 8. Bb3 dxe5 9. Nxe5 Nc6 10. Nf3 Be7 11. Nc3 0-0 12. 0-0 Nb4 13. h4 Bd7 14. h5 a5 15. a4 Bc6 16. Ne5 Bd5 17. Nxd5 N6xd5 18. Qf3 Bg5 19. Qg3 Bxc1 20. Raxc1 h6 21. f4 1/2-1/2

[Event "SRB-chT"]
[Site "Kragujevac"]
[Date "2016.09.22"]
[Round "1.3"]
[White "Markovic, Ivan"]
[Black "Marinkovic, Ivan"]
[Result "0-1"]
[WhiteElo "2474"]
[BlackElo "2449"]
[PlyCount "62"]
[EventDate "2016.09.22"]
[EventType "team-tourn"]
[EventRounds "11"]
[EventCountry "SRB"]
[SourceTitle "CBM 174 Extra"]
[Source "ChessBase"]
[SourceDate "2016.10.10"]
[SourceVersion "1"]
[SourceVersionDate "2016.10.10"]
[SourceQuality "1"]
[WhiteTeam "Jelica PEP"]
[BlackTeam "Sloga Turist"]
[WhiteTeamCountry "SRB"]
[BlackTeamCountry "SRB"]

1. e4 Nf6 2. e5 Nd5 3. d4 d6 4. c4 Nb6 5. f4 dxe5 6. fxe5 Nc6 7. Be3 Bf5 8. Nc3 e6 9. Nf3 Bg4 10. Be2 Bxf3 11. gxf3 Qh4+ 12. Bf2 Qf4 13. c5 Nd7 14. Qc1 Qf5 15. Ne4 Nb4 16. Rg1 Nd5 17. Qc4 h5 18. Qa4 g6 19. 0-0-0 c6 20. Kb1 Be7 21. a3 Kf8 22. Ka2 h4 23. Rg4 a5 24. Qb3 b5 25. cxb6 N7xb6 26. Rc1 Kg7 27. Qd1 Nf4 28. Rxc6 Nbd5 29. Bd3 Nxd3 30. Qxd3 Rab8 31. Rc2 a4 0-1

[Event "Gligoric Cup 2nd"]
[Site "Kragujevac"]
[Date "2014.12.11"]
[Round "6.3"]
[White "Markovic, Ivan"]
[Black "Ilic, Dragan M"]
[Result "1-0"]
[WhiteElo "2475"]
[BlackElo "2358"]
[PlyCount "61"]
[EventDate "2014.12.06"]
[EventType "team-tourn"]
[EventRounds "9"]
[EventCountry "SRB"]
[SourceTitle "CBM 164 Extra"]
[Source "ChessBase"]
[SourceDate "2015.03.02"]
[SourceVersion "1"]
[SourceVersionDate "2015.03.02"]
[SourceQuality "1"]
[WhiteTeam "Goracici Jelica"]
[BlackTeam "Valjevo 2005"]
[WhiteTeamCountry "SRB"]
[BlackTeamCountry "SRB"]

1. e4 e6 2. d4 d5 3. Nd2 Nc6 4. c3 e5 5. dxe5 Nxe5 6. Ngf3 Nxf3+ 7. Nxf3 Nf6 8. e5 Ne4 9. Bd3 Nc5 10. Bc2 Bg4 11. h3 Bh5 12. Qe2 c6 13. Be3 Qc7 14. 0-0-0 Be7 15. g4 Bg6 16. Nd4 Be4 17. f3 Bxc2 18. Qxc2 Qxe5 19. Rhe1 Ne6 20. Nf5 Qc7 21. Bd4 0-0 22. Be5 Bg5+ 23. Kb1 Qd7 24. c4 Rfd8 25. h4 Bf6 26. Bxf6 gxf6 27. Qd2 Qc7 28. Qh6 dxc4 29. Qxf6 Rxd1+ 30. Rxd1 Qf4 31. Rd7 1-0

[Event "SRB-chT"]
[Site "Palic"]
[Date "2014.09.07"]
[Round "9.4"]
[White "Markovic, Ivan"]
[Black "Ratkovic, Miloje"]
[Result "1-0"]
[WhiteElo "2469"]
[BlackElo "2359"]
[PlyCount "67"]
[EventDate "2014.08.30"]
[EventType "team-tourn"]
[EventRounds "11"]
[EventCountry "SRB"]
[SourceTitle "CBM 162 Extra"]
[Source "ChessBase"]
[SourceDate "2014.10.17"]
[SourceVersion "1"]
[SourceVersionDate "2014.10.17"]
[SourceQuality "1"]
[WhiteTeam "Goracici Jelica"]
[BlackTeam "Subotica Spartak"]
[WhiteTeamCountry "SRB"]
[BlackTeamCountry "SRB"]

1. e4 c6 2. d4 d5 3. e5 Bf5 4. Nf3 e6 5. Be2 Nd7 6. 0-0 h6 7. Nbd2 Ne7 8. Nb3 Bh7 9. Bd2 Nf5 10. Bd3 Bg6 11. Qe2 Be7 12. g4 Nh4 13. Nxh4 Bxd3 14. Qxd3 Bxh4 15. f4 Qe7 16. Qh3 0-0-0 17. Na5 g5 18. f5 f6 19. Qb3 Nb6 20. Bb4 Qf7 21. Bd6 h5 22. Qd3 Rhe8 23. c4 Nxc4 24. Nxc4 dxc4 25. Qxc4 hxg4 26. Rac1 g3 27. Qb4 gxh2+ 28. Kh1 Qd7 29. Qa5 a6 30. Qb6 fxe5 31. dxe5 exf5 32. Qa7 Qe6 33. Rxc6+ bxc6 34. Qc7# 1-0

[Event "SRB-chT"]
[Site "Palic"]
[Date "2014.09.06"]
[Round "8.3"]
[White "Dimic, Pavle"]
[Black "Markovic, Ivan"]
[Result "1/2-1/2"]
[WhiteElo "2198"]
[BlackElo "2469"]
[PlyCount "75"]
[EventDate "2014.08.30"]
[EventType "team-tourn"]
[EventRounds "11"]
[EventCountry "SRB"]
[SourceTitle "CBM 162 Extra"]
[Source "ChessBase"]
[SourceDate "2014.10.17"]
[SourceVersion "1"]
[SourceVersionDate "2014.10.17"]
[SourceQuality "1"]
[WhiteTeam "Belgrade Itaka"]
[BlackTeam "Goracici Jelica"]
[WhiteTeamCountry "SRB"]
[BlackTeamCountry "SRB"]

1. d4 f5 2. Nf3 Nf6 3. g3 g6 4. Bg2 Bg7 5. 0-0 0-0 6. c4 d6 7. Nc3 c6 8. Rb1 Qe8 9. d5 h6 10. b4 Qf7 11. Nd4 e5 12. dxe6 Bxe6 13. Nxe6 Qxe6 14. Qb3 Nbd7 15. Rd1 Rae8 16. Be3 Ne5 17. c5 d5 18. b5 Nc4 19. Bd4 Ne4 20. Bxg7 Kxg7 21. Nxe4 fxe4 22. Qc3+ Qf6 23. Qxf6+ Kxf6 24. bxc6 bxc6 25. Rb7 Rf7 26. Rdb1 Rxb7 27. Rxb7 Re7 28. Rb4 Ke5 29. e3 a5 30. Rb8 d4 31. exd4+ Kxd4 32. Rf8 Ne5 33. Rd8+ Rd7 34. Ra8 Nc4 35. Re8 Ne5 36. Ra8 Rb7 37. Rd8+ Rd7 38. Ra8 1/2-1/2

[Event "SRB-chT"]
[Site "Palic"]
[Date "2014.09.04"]
[Round "6.2"]
[White "Markovic, Ivan"]
[Black "Arbutina, Sinisa"]
[Result "1/2-1/2"]
[WhiteElo "2469"]
[BlackElo "2322"]
[PlyCount "49"]
[EventDate "2014.08.30"]
[EventType "team-tourn"]
[EventRounds "11"]
[EventCountry "SRB"]
[SourceTitle "CBM 162 Extra"]
[Source "ChessBase"]
[SourceDate "2014.10.17"]
[SourceVersion "1"]
[SourceVersionDate "2014.10.17"]
[SourceQuality "1"]
[WhiteTeam "Goracici Jelica"]
[BlackTeam "Pacir Backa"]
[WhiteTeamCountry "SRB"]
[BlackTeamCountry "SRB"]

1. e4 e5 2. Nf3 Nc6 3. d4 exd4 4. Nxd4 Bc5 5. Be3 Qf6 6. c3 Qg6 7. Nd2 Nf6 8. Nf5 Bxe3 9. Nxe3 d6 10. Bd3 Ne5 11. Bc2 0-0 12. Qe2 Qh6 13. 0-0-0 Neg4 14. Rde1 Nxe3 15. Qxe3 Qxe3 16. Rxe3 Re8 17. h3 Bd7 18. Rhe1 Re7 19. e5 dxe5 20. Rxe5 Rxe5 21. Rxe5 Re8 22. Rxe8+ Bxe8 23. Nc4 Bc6 24. f3 Bd5 25. Ne3 1/2-1/2

[Event "SRB-chT Central"]
[Site "Kragujevac"]
[Date "2013.09.17"]
[Round "5.1"]
[White "Ljubinkovic, Miodrag"]
[Black "Markovic, Ivan"]
[Result "0-1"]
[WhiteElo "2255"]
[BlackElo "2471"]
[PlyCount "126"]
[EventDate "2013.09.14"]
[EventType "team-tourn"]
[EventRounds "11"]
[EventCountry "SRB"]
[SourceTitle "CBM 156 Extra"]
[Source "ChessBase"]
[SourceDate "2013.10.22"]
[SourceVersion "1"]
[SourceVersionDate "2013.10.22"]
[SourceQuality "1"]
[WhiteTeam "Vladimirci"]
[BlackTeam "Goracici Jelica"]
[WhiteTeamCountry "SRB"]
[BlackTeamCountry "SRB"]

1. d4 g6 2. Nf3 Bg7 3. c3 d6 4. Bf4 Nd7 5. Nbd2 e5 6. dxe5 dxe5 7. Bg3 Qe7 8. e4 Ngf6 9. Qc2 0-0 10. Bh4 h6 11. Bxf6 Qxf6 12. g3 Nb6 13. Bg2 h5 14. h4 Bh6 15. 0-0 Rd8 16. Nb3 a5 17. Rad1 Bg4 18. Rxd8+ Rxd8 19. Nh2 a4 20. Nxg4 hxg4 21. Na5 Rd2 22. Qb1 Qd6 23. b4 a3 24. Qb3 Rb2 25. Qxa3 Qd2 26. c4 Rxa2 27. Qb3 Rb2 28. Qa3 Ra2 29. Qb3 Rb2 30. Qa3 Rxb4 31. c5 Na4 32. Nxb7 Bf8 33. c6 Nb6 34. Qc1 Rb2 35. Qd1 Nc4 36. Qxd2 Nxd2 37. Ra1 Nb3 38. Ra8 Rb1+ 39. Kh2 Nd4 40. Nc5 Kg7 41. Na6 Bd6 42. Rc8 Ne6 43. f3 Rb6 44. Nb8 gxf3 45. Bxf3 Nd4 46. Bg2 Nxc6 47. Nxc6 Rxc6 48. g4 Rc3 49. Ra8 Bc5 50. Ra4 Bf2 51. h5 Kh6 52. hxg6 fxg6 53. Bf1 c5 54. Kg2 Bd4 55. Be2 Re3 56. Bf3 Kg5 57. Kg3 Rd3 58. Rc4 Rd2 59. Bh1 Bf2+ 60. Kf3 Kh4 61. Rc1 Bd4 62. Rf1 Kh3 63. g5 c4 0-1

[Event "SCG-chT1"]
[Site "Vrnjacka Banja"]
[Date "2005.10.26"]
[Round "10"]
[White "Miljkovic, Miroslav M"]
[Black "Markovic, Ivan"]
[Result "1/2-1/2"]
[WhiteElo "2411"]
[BlackElo "2480"]
[PlyCount "98"]
[EventDate "2005.10.17"]
[EventType "team-tourn"]
[EventRounds "11"]
[EventCountry "YUG"]
[SourceTitle "EXT 2006"]
[Source "ChessBase"]
[SourceDate "2005.11.24"]
[SourceVersion "1"]
[SourceVersionDate "2005.11.24"]
[SourceQuality "1"]

1. e4 e5 2. Bc4 Nf6 3. d3 c6 4. Nf3 Be7 5. 0-0 d6 6. h3 0-0 7. Re1 Nbd7 8. Nbd2 b5 9. Bb3 Nc5 10. d4 exd4 11. Nxd4 Qb6 12. c3 Nd3 13. Re3 Nxc1 14. Rxc1 c5 15. N4f3 Bb7 16. Qe2 c4 17. Bc2 Nd7 18. Nf1 g6 19. Rd1 Ne5 20. N1h2 Bf6 21. Nxe5 dxe5 22. Qe1 Rad8 23. Re2 Bg5 24. Ng4 Bf4 25. Ne3 Bxe3 26. Rxe3 Rxd1 27. Qxd1 Rd8 28. Qf3 f5 29. Re1 Rd2 30. Re2 Rxc2 31. Rxc2 Bxe4 32. Qd1 Bxc2 33. Qxc2 Qd6 34. Qe2 Kg7 35. Qe3 a6 36. Qa7+ Kh6 37. Qe3+ Kg7 38. Qa7+ Kh6 39. Qe3+ g5 40. Qa7 Kg6 41. Qa8 Qe6 42. Qd8 e4 43. Qd4 f4 44. Kf1 h5 45. Ke1 f3 46. g3 Qxh3 47. Qd6+ Kf7 48. Qc7+ Ke8 49. Qb8+ Ke7 1/2-1/2

[Event "SCG-chT1"]
[Site "Vrnjacka Banja"]
[Date "2005.10.24"]
[Round "8"]
[White "Markovic, Ivan"]
[Black "Pavlovic, Goran"]
[Result "0-1"]
[WhiteElo "2480"]
[BlackElo "2352"]
[PlyCount "86"]
[EventDate "2005.10.17"]
[EventType "team-tourn"]
[EventRounds "11"]
[EventCountry "YUG"]
[SourceTitle "EXT 2006"]
[Source "ChessBase"]
[SourceDate "2005.11.24"]
[SourceVersion "1"]
[SourceVersionDate "2005.11.24"]
[SourceQuality "1"]

1. e4 c6 2. d4 d5 3. e5 Bf5 4. h4 h5 5. c4 dxc4 6. Bxc4 e6 7. Nc3 Nd7 8. Nge2 Nb6 9. Bb3 Be7 10. Ng3 Bg6 11. Be3 Nh6 12. Nxh5 Nf5 13. Nf4 Nxe3 14. fxe3 Rxh4 15. Rf1 Bf5 16. g3 Bg4 17. Qd3 Rh6 18. Bd1 Bxd1 19. Rxd1 Qd7 20. Kd2 0-0-0 21. Kc1 f6 22. exf6 gxf6 23. e4 Bd6 24. Qe2 e5 25. dxe5 fxe5 26. Nh5 Qe7 27. g4 Qg5+ 28. Kb1 Rg6 29. Rg1 Bc5 30. Rxd8+ Qxd8 31. Rf1 Bd4 32. Qf3 Nd7 33. Qf5 Qg5 34. Ne2 Qxg4 35. Nhg3 Rg8 36. Qxg4 Rxg4 37. Rf7 Nc5 38. Nf5 Nxe4 39. Kc2 Rg2 40. Kd1 Bxb2 41. a4 Ba3 42. Ne3 Rg8 43. Nc4 Nd6 0-1

[Event "SCG-chT1"]
[Site "Vrnjacka Banja"]
[Date "2005.10.23"]
[Round "7"]
[White "Bogosavljevic, Boban"]
[Black "Markovic, Ivan"]
[Result "1/2-1/2"]
[WhiteElo "2302"]
[BlackElo "2480"]
[PlyCount "46"]
[EventDate "2005.10.17"]
[EventType "team-tourn"]
[EventRounds "11"]
[EventCountry "YUG"]
[SourceTitle "EXT 2006"]
[Source "ChessBase"]
[SourceDate "2005.11.24"]
[SourceVersion "1"]
[SourceVersionDate "2005.11.24"]
[SourceQuality "1"]

1. Nf3 d5 2. g3 Nf6 3. Bg2 c6 4. 0-0 Bf5 5. d3 e6 6. Nbd2 h6 7. Qe1 Be7 8. e4 Bh7 9. Qe2 0-0 10. b3 a5 11. a3 Re8 12. Bb2 Qc7 13. h3 a4 14. b4 c5 15. e5 Nfd7 16. b5 c4 17. dxc4 Nb6 18. cxd5 Qxc2 19. Bd4 Bd3 20. Qd1 Qxd1 21. Rfxd1 Nxd5 22. Bf1 Bxf1 23. Kxf1 Rc8 1/2-1/2

[Event "SCG-chT1"]
[Site "Vrnjacka Banja"]
[Date "2005.10.22"]
[Round "6"]
[White "Markovic, Ivan"]
[Black "Vujacic, Borivoje"]
[Result "1/2-1/2"]
[WhiteElo "2480"]
[BlackElo "2377"]
[PlyCount "26"]
[EventDate "2005.10.17"]
[EventType "team-tourn"]
[EventRounds "11"]
[EventCountry "YUG"]
[SourceTitle "EXT 2006"]
[Source "ChessBase"]
[SourceDate "2005.11.24"]
[SourceVersion "1"]
[SourceVersionDate "2005.11.24"]
[SourceQuality "1"]

1. e4 c5 2. c3 d5 3. exd5 Qxd5 4. d4 e6 5. Na3 Bd7 6. Nc2 cxd4 7. Qxd4 Nf6 8. Nf3 Nc6 9. Qxd5 Nxd5 10. Bd3 Be7 11. 0-0 0-0 12. a3 Rad8 13. Rd1 Na5 1/2-1/2

[Event "SCG-chT"]
[Site "Budva"]
[Date "2004.09.16"]
[Round "8.4"]
[White "Markovic, Ivan"]
[Black "Savanovic, Aleksandar"]
[Result "1/2-1/2"]
[WhiteElo "2485"]
[BlackElo "2396"]
[PlyCount "62"]
[EventDate "2004.09.08"]
[EventType "team-tourn"]
[EventRounds "11"]
[EventCountry "YUG"]
[SourceTitle "CBM 102 Extra"]
[Source "ChessBase"]
[SourceDate "2004.11.03"]
[SourceVersion "1"]
[SourceVersionDate "2004.11.03"]
[SourceQuality "1"]
[WhiteTeam "05"]
[BlackTeam "07"]
[WhiteTeamCountry "YUG"]
[BlackTeamCountry "YUG"]

1. e4 e5 2. Nf3 Nc6 3. d4 exd4 4. Nxd4 Bc5 5. Be3 Qf6 6. c3 Nge7 7. g3 d5 8. Bg2 dxe4 9. 0-0 0-0 10. Nd2 Bxd4 11. Nxe4 Qg6 12. cxd4 Nf5 13. Nc3 Nxe3 14. fxe3 Ne7 15. Qb3 c6 16. Rae1 Qe6 17. Qa3 Ng6 18. b4 Qe7 19. Qa5 Be6 20. Rf2 Rad8 21. Qc5 Rfe8 22. Rb2 b6 23. Qxe7 Nxe7 24. Kf2 Bc4 25. b5 Rd6 26. a4 Rf6+ 27. Bf3 Nd5 28. Nd1 c5 29. dxc5 bxc5 30. Kg2 Nb4 31. Nf2 a6 1/2-1/2

[Event "SCG-chT"]
[Site "Budva"]
[Date "2004.09.12"]
[Round "5.4"]
[White "Nikcevic, Nebojsa"]
[Black "Markovic, Ivan"]
[Result "1-0"]
[WhiteElo "2454"]
[BlackElo "2485"]
[PlyCount "99"]
[EventDate "2004.09.08"]
[EventType "team-tourn"]
[EventRounds "11"]
[EventCountry "YUG"]
[SourceTitle "CBM 102 Extra"]
[Source "ChessBase"]
[SourceDate "2004.11.03"]
[SourceVersion "1"]
[SourceVersionDate "2004.11.03"]
[SourceQuality "1"]
[WhiteTeam "09"]
[BlackTeam "05"]
[WhiteTeamCountry "YUG"]
[BlackTeamCountry "YUG"]

1. d4 Nf6 2. Nf3 c5 3. d5 g6 4. Nc3 Bg7 5. e4 0-0 6. Be2 d6 7. 0-0 Na6 8. Re1 Nc7 9. h3 a6 10. a4 b6 11. Bf4 Bb7 12. Bc4 Qd7 13. Qd3 Rad8 14. Rad1 Qc8 15. Qe3 Rfe8 16. Bg5 e5 17. Rb1 Na8 18. Nd2 Rd7 19. Be2 h5 20. g4 hxg4 21. Bxf6 Bxf6 22. Bxg4 Qd8 23. Bxd7 Qxd7 24. Kg2 Kg7 25. Qg3 Rh8 26. Nf3 Nc7 27. h4 Rh5 28. Rh1 Qd8 29. Rbg1 b5 30. axb5 axb5 31. Rh3 Qa8 32. Kh1 b4 33. Nd1 Nxd5 34. exd5 Bxd5 35. Ne3 Be4 36. Kh2 c4 37. Ng5 b3 38. cxb3 cxb3 39. Nxe4 Qxe4 40. Qg4 Qxg4 41. Rxg4 e4 42. Rxe4 Rb5 43. Nd1 Rd5 44. Nc3 Rd2 45. Re2 Rc2 46. Kg2 d5 47. Rd3 d4 48. Rxc2 bxc2 49. Ne2 Bxh4 50. Rxd4 1-0

[Event "YUG-chT playoff"]
[Site "Yugoslavia"]
[Date "2003.01.??"]
[Round "?"]
[White "Vukic, Milan"]
[Black "Markovic, Ivan"]
[Result "1/2-1/2"]
[WhiteElo "2516"]
[BlackElo "2494"]
[PlyCount "249"]
[EventDate "2003.01.17"]
[EventType "team-tourn"]
[EventRounds "4"]
[EventCountry "YUG"]
[SourceTitle "EXT 2006"]
[Source "ChessBase"]
[SourceDate "2005.11.24"]
[SourceVersion "1"]
[SourceVersionDate "2005.11.24"]
[SourceQuality "1"]

1. Nf3 d5 2. g3 Nf6 3. Bg2 c6 4. 0-0 Bf5 5. b3 e6 6. Bb2 Be7 7. d3 h6 8. Nbd2 0-0 9. c4 a5 10. a3 Bh7 11. Qc2 Re8 12. Bc3 c5 13. e4 Nc6 14. Rfe1 dxe4 15. dxe4 Bd6 16. Nf1 e5 17. N3d2 Nd4 18. Qb2 Qd7 19. a4 Bg6 20. Ne3 Ra6 21. Ra2 Bc7 22. Qc1 Kf8 23. Rb2 Bd8 24. Kh1 Rd6 25. Qd1 h5 26. Nd5 h4 27. Kg1 Qc8 28. Nf1 b6 29. Nxf6 Bxf6 30. Ne3 Nb5 31. Qc1 Nxc3 32. Qxc3 Rd4 33. Nd5 Qd8 34. Rbe2 Qd6 35. Bf3 Bg5 36. Bg4 f6 37. gxh4 Bf4 38. h5 Bf7 39. Qf3 Bd2 40. Rf1 Bxd5 41. cxd5 Bf4 42. Rc2 Ke7 43. Qe2 Rb4 44. Rc3 Rh8 45. h3 Ra8 46. Kg2 Kd8 47. Qc2 Rd4 48. Rd1 Kc7 49. Bf5 Kb7 50. Rc4 Bh6 51. Qe2 Bg5 52. Qg4 Rd8 53. Rc3 Bh6 54. Rdd3 Qe7 55. Rg3 R8xd5 56. exd5 Rxg4 57. hxg4 Qd6 58. Be4 Kc7 59. Rgd3 Kd8 60. Kf1 Bf4 61. Ke2 Kc7 62. Kd1 Kb7 63. Kc2 Ka7 64. Kb2 Ka6 65. Rc4 Bg5 66. Kc2 Bh4 67. Rf3 Ka7 68. Kd1 Bg5 69. Rd3 Bf4 70. Ke2 Bg5 71. Kf3 Bf4 72. Kg2 Bg5 73. Rd1 Bf4 74. Bf5 Kb7 75. Kf3 Bg5 76. Ke4 Kc7 77. Be6 Kd8 78. Kf5 Ke7 79. Kg6 Bh6 80. Rg1 Qd8 81. Kf5 Kd6 82. Rc3 Qh8 83. Ke4 Qh7+ 84. Bf5 Qg8 85. Rd1 Qe8 86. Rc4 Bg5 87. Kf3 Qa8 88. Be4 Qe8 89. Ra1 Qa8 90. Ke2 Qa7 91. Kd3 Qa6 92. Kc2 Qa7 93. f3 Qa8 94. Rd1 Qa7 95. Bf5 Qa8 96. Re1 Qg8 97. Re2 Bh6 98. Rce4 Qf7 99. Bc8 Qa7 100. Kc3 Qa8 101. Bf5 Qa6 102. Bg6 Qc8 103. Re1 Bg5 104. Kc2 Qg8 105. Bf5 Qf7 106. Bc8 Qa7 107. Be6 Qa6 108. Bf7 Qa8 109. Ra1 Qf8 110. Bg6 Qa8 111. Rc4 Be3 112. Be4 Bg5 113. Rc3 Qg8 114. Kd1 Qa8 115. Ke2 Qe8 116. Rc2 Qa8 117. Bd3 Qe8 118. Be4 Qa8 119. Rca2 Qa7 120. Bd3 Qe7 121. Kf1 Be3 122. Kg2 Qf7 123. Bc4 Qd7 124. Re2 Bf4 125. Kf2 1/2-1/2

[Event "SCG-chT"]
[Site "Budva"]
[Date "2003.??.??"]
[Round "4.14"]
[White "Markovic, Ivan"]
[Black "Boskovic, Drasko"]
[Result "1/2-1/2"]
[WhiteElo "2502"]
[BlackElo "2402"]
[PlyCount "58"]
[EventDate "2003.09.??"]
[EventType "team-tourn"]
[EventRounds "11"]
[EventCountry "YUG"]
[SourceTitle "CBM 096 Extra"]
[Source "ChessBase"]
[SourceDate "2003.10.22"]
[SourceVersion "2"]
[SourceVersionDate "2003.10.20"]
[SourceQuality "1"]

1. e4 c5 2. Nf3 d6 3. d4 cxd4 4. Nxd4 Nf6 5. Nc3 e6 6. g3 a6 7. Bg2 Be7 8. 0-0 0-0 9. a4 Qc7 10. f4 Nc6 11. Nb3 b6 12. g4 Bb7 13. g5 Nd7 14. Be3 Na5 15. Nxa5 bxa5 16. Qe1 Nb6 17. b3 d5 18. exd5 Nxd5 19. Nxd5 Bxd5 20. Bxd5 exd5 21. Qf2 Rac8 22. Rad1 Qxc2 23. Qxc2 Rxc2 24. Rxd5 Bb4 25. Bb6 Re8 26. Rf2 Rc6 27. Bd4 Rc1+ 28. Rf1 Rc2 29. Rf2 Rc1+ 1/2-1/2

[Event "SCG-chT"]
[Site "Budva"]
[Date "2003.??.??"]
[Round "3.64"]
[White "Markovic, Ivan"]
[Black "Savanovic, Aleksandar"]
[Result "1/2-1/2"]
[WhiteElo "2502"]
[BlackElo "2396"]
[PlyCount "34"]
[EventDate "2003.09.??"]
[EventType "team-tourn"]
[EventRounds "11"]
[EventCountry "YUG"]
[SourceTitle "CBM 096 Extra"]
[Source "ChessBase"]
[SourceDate "2003.10.22"]
[SourceVersion "2"]
[SourceVersionDate "2003.10.20"]
[SourceQuality "1"]

1. e4 Nf6 2. e5 Nd5 3. d4 d6 4. Nf3 Bg4 5. Be2 e6 6. h3 Bh5 7. 0-0 Be7 8. c4 Nb6 9. exd6 cxd6 10. a4 a5 11. Qb3 0-0 12. Qb5 Bg6 13. Nc3 Nc6 14. Be3 Nb4 15. Rac1 d5 16. cxd5 N6xd5 17. Bd2 Bf6 1/2-1/2

[Event "SCG-chT"]
[Site "Budva"]
[Date "2003.??.??"]
[Round "9.44"]
[White "Pavlovic, Dejan S"]
[Black "Markovic, Ivan"]
[Result "1/2-1/2"]
[WhiteElo "2363"]
[BlackElo "2502"]
[PlyCount "27"]
[EventDate "2003.09.??"]
[EventType "team-tourn"]
[EventRounds "11"]
[EventCountry "YUG"]
[SourceTitle "CBM 096 Extra"]
[Source "ChessBase"]
[SourceDate "2003.10.22"]
[SourceVersion "2"]
[SourceVersionDate "2003.10.20"]
[SourceQuality "1"]

1. e4 c5 2. Nf3 Nc6 3. d4 cxd4 4. Nxd4 g6 5. Nc3 Bg7 6. Be3 Nf6 7. Bc4 0-0 8. Bb3 d6 9. f3 Bd7 10. Qd2 Na5 11. 0-0-0 Nxb3+ 12. cxb3 Qb8 13. Kb1 b5 14. Bh6 1/2-1/2

[Event "YUG Cup1"]
[Site "Yugoslavia"]
[Date "2002.05.19"]
[Round "7"]
[White "Markovic, Ivan"]
[Black "Djukic, Zeljko"]
[Result "1/2-1/2"]
[WhiteElo "2495"]
[BlackElo "2422"]
[PlyCount "24"]
[EventDate "2002.05.??"]
[EventType "swiss"]
[EventRounds "7"]
[EventCountry "YUG"]
[SourceTitle "EXT 2006"]
[Source "ChessBase"]
[SourceDate "2005.11.24"]
[SourceVersion "1"]
[SourceVersionDate "2005.11.24"]
[SourceQuality "1"]

1. e4 d6 2. d4 Nf6 3. Nc3 e5 4. Nge2 Nc6 5. h3 Be7 6. g3 d5 7. exd5 Nxd5 8. Bg2 Nxc3 9. bxc3 Bf6 10. Ba3 Be7 11. Bc1 Bf6 12. Ba3 Be7 1/2-1/2

[Event "YUG Cup1"]
[Site "Yugoslavia"]
[Date "2002.05.18"]
[Round "6"]
[White "Cabrilo, Goran"]
[Black "Markovic, Ivan"]
[Result "1/2-1/2"]
[WhiteElo "2501"]
[BlackElo "2495"]
[PlyCount "82"]
[EventDate "2002.05.??"]
[EventType "swiss"]
[EventRounds "7"]
[EventCountry "YUG"]
[SourceTitle "EXT 2006"]
[Source "ChessBase"]
[SourceDate "2005.11.24"]
[SourceVersion "1"]
[SourceVersionDate "2005.11.24"]
[SourceQuality "1"]

1. e4 c5 2. d3 Nc6 3. g3 g6 4. Bg2 Bg7 5. f4 d6 6. Nf3 Nf6 7. Nc3 0-0 8. 0-0 Rb8 9. h3 b5 10. g4 b4 11. Ne2 Qb6 12. Be3 Ba6 13. Qd2 Nd7 14. Rab1 Nd4 15. f5 Nxe2+ 16. Qxe2 Ne5 17. Kh1 Nxf3 18. Qxf3 Bd4 19. Bh6 Qa5 20. Bxf8 Rxf8 21. g5 c4 22. h4 cxd3 23. cxd3 Qe5 24. b3 f6 25. Qh3 Bc8 26. Rbe1 Bd7 27. Bf3 Rc8 28. Qg2 Rc3 29. Bg4 Rxd3 30. fxg6 Rg3 31. gxh7+ Kxh7 32. Bxd7 Rxg2 33. Kxg2 Qa5 34. Re2 Qa6 35. Bg4 Kg7 36. gxf6+ exf6 37. Rd1 Be5 38. Kf3 Qc6 39. Red2 Qc3+ 40. Rd3 Qb2 41. R3d2 Qc3+ 1/2-1/2

[Event "YUG Cup1"]
[Site "Yugoslavia"]
[Date "2002.05.16"]
[Round "4"]
[White "Lazic, Miroljub"]
[Black "Markovic, Ivan"]
[Result "0-1"]
[WhiteElo "2474"]
[BlackElo "2495"]
[PlyCount "118"]
[EventDate "2002.05.??"]
[EventType "swiss"]
[EventRounds "7"]
[EventCountry "YUG"]
[SourceTitle "EXT 2006"]
[Source "ChessBase"]
[SourceDate "2005.11.24"]
[SourceVersion "1"]
[SourceVersionDate "2005.11.24"]
[SourceQuality "1"]

1. Nf3 Nf6 2. g3 d5 3. Bg2 Bf5 4. 0-0 e6 5. d3 h6 6. b3 Be7 7. Bb2 0-0 8. c4 c6 9. Nbd2 Nbd7 10. a3 a5 11. Ra2 Bh7 12. Qa1 Re8 13. cxd5 cxd5 14. Rc1 Bd6 15. Ne5 Nb6 16. Bd4 Re7 17. Rac2 Ne8 18. Bc5 f6 19. Nef3 e5 20. Bh3 Bxc5 21. Rxc5 Nd6 22. Nf1 d4 23. e3 Bxd3 24. exd4 Ne4 25. dxe5 Nxc5 26. Rxc5 fxe5 27. Ne3 Be4 28. Nxe5 Qd6 29. Rb5 Rae8 30. f4 Rc7 31. Qb2 Rc5 32. Qe2 Qd4 33. Rxc5 Qxc5 34. Bg2 Nd5 35. Bxe4 Nxe3 36. Qh5 Rf8 37. Qg6 Ng4+ 38. Kg2 Nxe5 39. Qh7+ Kf7 40. Qf5+ Ke7 41. Qxe5+ Qxe5 42. fxe5 b5 43. Bd3 b4 44. axb4 axb4 45. Bc4 g5 46. Kh3 Rf5 47. Kg4 Rxe5 48. Kh5 Rc5 49. Bg8 Kf8 50. Be6 Kg7 51. h4 gxh4+ 52. Kxh4 Kf6 53. Bg8 Rg5 54. Bc4 Ke5 55. g4 Kf4 56. Be6 Re5 57. Bc4 Re1 58. Kh3 Rh1+ 59. Kg2 Rc1 0-1

[Event "YUG-chT"]
[Site "Budva"]
[Date "2002.??.??"]
[Round "?"]
[White "Djukic, Nikola"]
[Black "Markovic, Ivan"]
[Result "0-1"]
[WhiteElo "2410"]
[BlackElo "2490"]
[PlyCount "58"]
[EventDate "2002.08.??"]
[EventType "team-tourn"]
[EventRounds "9"]
[EventCountry "YUG"]
[SourceTitle "EXT 2003"]
[Source "ChessBase"]
[SourceDate "2002.11.25"]
[SourceVersion "1"]
[SourceVersionDate "2002.11.25"]
[SourceQuality "1"]

1. e4 c5 2. Nf3 d6 3. d4 cxd4 4. Nxd4 Nf6 5. Nc3 g6 6. Be3 Nc6 7. f3 Bg7 8. Qd2 0-0 9. Bc4 Bd7 10. 0-0-0 Rc8 11. Bb3 Ne5 12. Kb1 Re8 13. g4 b5 14. g5 b4 15. Nce2 Nh5 16. Ng3 Nxg3 17. hxg3 a5 18. Qh2 e6 19. Qxh7+ Kf8 20. f4 Ng4 21. f5 Nxe3 22. fxe6 Bxe6 23. Nxe6+ Rxe6 24. Bxe6 Qxg5 25. Rhf1 Nxf1 26. Rxf1 Rc7 27. Bb3 Qe5 28. c3 bxc3 29. Bc2 Qb5 0-1